| 000 | 00387nam a22001457a 4500 | ||
|---|---|---|---|
| 082 | _aT-233 | ||
| 100 |
_aZohaib Fazal _951457 |
||
| 245 | _aEconomic Impacts of Floods on Livelihoods of UC Agra District Charsadda | ||
| 260 |
_aRisalpur, _bMCE, _c2018 |
||
| 300 | _a77p. | ||
| 526 |
_a0 _b0 _c0 _dT_233 |
||
| 650 |
_aThesis _934811 |
||
| 700 |
_aDr Naeem Shahzad _934734 |
||
| 942 |
_2ddc _cBK |
||
| 999 |
_c554133 _d554133 |
||